Northern Africa with a Map - Statistics

General Stats
  • This quiz has been taken 1,895 times
  • The average score is 6 of 6
Answers on the Map
Answers color-coded by a green-red scale on the quiz's map according to % correct below.
 
Answer Stats
Country % Correct
Egypt
99%
Algeria
94%
Morocco
94%
Libya
92%
Tunisia
91%
Sudan
90%
No matching quizzes found
Score Distribution
Percent of People with Each Score
Percentile by Number Answered
Your Score History
You have not taken this quiz